00753nam a2200217 i 4500001000300000100002600003245010400029250004600133260004600179300002600225504001200251650004000263650003300303020001500336040000800351041000700359080001500366080001500381008004100396856009800437bg1 aRudnicki, Stanisław.00aKomentarz do kodeksu cywilnego.nKs.2,pWłasność i inne prawa rzeczowe /cStanisław Rudnicki. aStan prawny na dzień 1 stycznia 1996 r. aWarszawa :bWydawnictwo Prawnicze,c1996. a418, [6] s. ;c25 cm. aIndeks. 4aPrawo rzeczowexzagadnieniazPolska 4aWłasnośćxprawozPolska a8321907113 cBPK0 apl a347.2(438) a(094.5.07) s pl f |000 0 pol  uhttp://koha.tu.koszalin.pl/cgi-bin/koha/opac-detail.pl?biblionumber=33713yKatalog online BPK